Revista de Cin̊cias Jurd̕icas e Sociais da UNIPAR.

Detalles Bibliográficos
Autor Corporativo: Universidade Paranaense (, ot.)
Formato: Revista
Lenguaje:portugués
Publicado: Toledo (Brasil) : Universidade Paranaense , 1998-
Materias:
Acceso en línea:Acceso restringido

MARC

LEADER 00000cas a2200000 i 4500
005 20110711101613.0
008 040415c19989999bl f||p 000 b0por c
022 |a 1516-1579 
035 |a 5587 
040 |a SpMaUCTR  |d . ULE.DE  |d BUS  |d vLex 
090 |c 2199  |d 2199 
210 1 |a Rev. cin̊c. jurid. soc. UNIPAR. 
222 0 |a Revista de Cin̊cias Jurd̕icas e Sociais da Universidade Paranaense. 
245 3 0 |a Revista de Cin̊cias Jurd̕icas e Sociais da UNIPAR.  |h [Recurso electrn̤ico] 
256 |a Servicio en ln̕ea. 
260 |a Toledo (Brasil)  |b : Universidade Paranaense  |c , 1998- 
310 |a Semestral. 
362 0 |a Vol. 1, n. 1 (jul-dez 1998)- 
506 1 |a Contenido solo disponible en los productos indicados  |d vLex Global  |d vLex Global (Academic Edition, excluding Law Schools)  |d vLex Global (U.S. Academic Edition, Law Schools)  |d vLex Global (U.S. Academic Edition, excluding Law Schools)  |d vLex Global (Academic Edition, Law Schools) 
650 0 4 |a Ciencias jurd̕icas  |z Portugal 
710 2 |a Universidade Paranaense  |e , ot. 
740 0 |a Revista de Cin̊cias Jurd̕icas e Sociais da Universidade Paranaense. 
740 0 |a vLex Revistas (Servicio en ln̕ea) 
856 4 0 |u http://vlex.com/source/revista-ciencias-juridicas-sociais-unipar-5587  |z Acceso restringido 
942 |c REV